| 000 | 00645nam a22002177a 4500 | ||
|---|---|---|---|
| 003 | OSt | ||
| 005 | 20140310182346.0 | ||
| 008 | 130927t xxu||||| |||| 00| 0 eng d | ||
| 020 | _a9780749702304 | ||
| 050 |
_aPZ 2 _b.H545 1989 |
||
| 082 |
_aPZ 2 _b.H545 1989 |
||
| 245 |
_aThe adventures of TinTin : _bTintin in America _ctranslated by Leslie Lonsdale-Cooper |
||
| 260 |
_aLondon : _bMammoth, _cc1989 |
||
| 300 |
_a62 p. : _bcol. ill., _c30 cm. |
||
| 440 |
_aThe adventures of Tintin _921951 |
||
| 541 | _j1 | ||
| 562 | _e1 | ||
| 650 |
_aCrimes _xFiction _921952 |
||
| 650 |
_aAdventures _xFiction _921953 |
||
| 942 |
_2lcc _cBK-GS _kPZ |
||
| 999 |
_c12233 _d12233 |
||